Rovnováha /
Hororová próza českého novináře a spisovatele, jejíž hrdina po nehodě získá spojení se světem duchů. Zbývá jen zjistit proč.
Uloženo v:
| Hlavní autor: | |
|---|---|
| Médium: | E-kniha |
| Jazyk: | Czech |
| Vydáno: |
Velešín :
Golden Dog,
2023
|
| Vydání: | 1. vydání |
| Témata: | |
| Tagy: |
Žádné tagy |
| LEADER | 02412nam a2200385 i 4500 | ||
|---|---|---|---|
| 001 | 312070 | ||
| 003 | CZ PrSKC | ||
| 005 | 20260601215716.0 | ||
| 007 | ta | ||
| 008 | 230530s2023 xr g 000 f cze | ||
| 015 | |a cnb003517719 | ||
| 020 | |a 9788088067856 |q (brožováno) | ||
| 035 | |a (OCoLC)1393197556 | ||
| 040 | |a ABG001 |b cze |e rda | ||
| 072 | 7 | |a 821.162.3-3 |x Česká próza |2 Konspekt | |
| 080 | |a 821.162.3-31 |2 MRF | ||
| 080 | |a (0:82-312.4) |2 MRF | ||
| 100 | 1 | |a Švec, Petr, |d 1984- |7 jo2017974264 |4 aut | |
| 245 | 1 | 0 | |a Rovnováha / |c Petr Švec |
| 250 | |a 1. vydání | ||
| 264 | 1 | |a Velešín : |b Golden Dog, |c 2023 | |
| 300 | |a 249 stran ; |c 18 cm | ||
| 336 | |a text |b txt |2 rdacontent | ||
| 337 | |a bez média |b n |2 rdamedia | ||
| 338 | |a svazek |b nc |2 rdacarrier | ||
| 520 | 2 | |a Hororová próza českého novináře a spisovatele, jejíž hrdina po nehodě získá spojení se světem duchů. Zbývá jen zjistit proč. |b Až donedávna si žil docela dobře. Měl práci, byt i skvělou holku, kterou chtěl požádat o ruku. Štěstí je ovšem vrtkavé, a tak stačila jedna malá nehoda, aby se jeho život rozsypal jako domeček z karet. Možná měl tehdy radši umřít. Netušil, že druhý svět existuje, dokud nespatřil svého prvního ducha. A to byl teprve začátek. Pozvolna začínal nabývat dojmu, že dar, jejž by nejraději vrátil, má hlubší smysl. Zdánlivá náhoda střídala náhodu, přesto všechny jeho kroky směřovaly k místní továrně. Byl povolán. Ale kým? Kdo je vlastně jeho šéf? Myslel si, že se mu daří rozplétat tragická vlákna minulosti, a ani si nevšiml, že z nich spíš plete oprátku. Nikdy dřív nebyl smrti blíž než teď. Náhody totiž neexistují. Nakladatelská anotace. | |
| 655 | 7 | |a české romány |7 fd133974 |2 czenas | |
| 655 | 7 | |a horory (romány) |7 fd184202 |2 czenas | |
| 655 | 9 | |a Czech fiction |2 eczenas | |
| 655 | 9 | |a horror novels |2 eczenas | |
| 900 | |a ABA001 |b 19 | ||
| 044 | |a xr | ||
| 910 | |a RBIT002 | ||
| 998 | |d 385626 |a https://core.palmknihy.cz/api/books/385626/cover?rzpen8 |b https://core.palmknihy.cz/api/books/385626/cover/400?rzpen8 |c https://core.palmknihy.cz/api/books/385626/cover/50?rzpen8 |e 2028-01-10 |g 252 |i 9788088067856 |j https://core.palmknihy.cz/api/books/385626/preview.epub |k https://core.palmknihy.cz/api/books/385626/preview.pdf |l |q 49 |r 1 |s https://www.palmknihy.cz/kniha/385626 |t ebook |y 2023 |z 0 | ||
| 999 | |d 312068 | ||